Study of psychiatric consequences of closed head injury at the kenyatta national hospital (Record no. 32777)

MARC details
000 -LEADER
fixed length control field 00848nam a2200181 a 4500
008 - FIXED-LENGTH DATA ELEMENTS--GENERAL INFORMATION
fixed length control field 121022s1998 ||||||||||||||||| || u
050 ## - LIBRARY OF CONGRESS CALL NUMBER
Classification number PAPERS/STAFF/SIZIYA
100 ## - MAIN ENTRY--PERSONAL NAME
Personal name Siziya, Seter
245 10 - TITLE STATEMENT
Title Study of psychiatric consequences of closed head injury at the kenyatta national hospital
Statement of responsibility, etc. by Seter Siziya; [and others]
260 ## - PUBLICATION, DISTRIBUTION, ETC.
Place of publication, distribution, etc. Lusaka:
Name of publisher, distributor, etc. University of Zambia, School of Medicine
Date of publication, distribution, etc. 1998
300 ## - PHYSICAL DESCRIPTION
Extent p. 332 - p. 335: ill.
490 ## -
-- East African Medical Journal
490 ## -
-- Vol. 75, No. 6
500 ## - GENERAL NOTE
General note Bibliography
650 #0 - SUBJECT ADDED ENTRY--TOPICAL TERM
Topical term or geographic name entry element PSYCHIATRY--KENYATTA NATIONAL HOSPITAL, KENYA
650 ## - SUBJECT ADDED ENTRY--TOPICAL TERM
Topical term or geographic name entry element CLOSED HEAD INJURY--KENYATTA NATIONAL HOSPITAL, KENYA
995 ## -
-- SPECIAL COLLECTIONS
-- 274
-- CBU-SCHOOL OF MEDICINE LIBRARY (Ndola)
-- PAPERS/STAFF/SIZIYA
-- 1
-- AVAILABLE
-- Nov 23, 2012
-- Copperbelt University (Staff)
-- B274
-- Zambiana Collection
999 ## -
-- 32777
-- 32777
Holdings
Withdrawn status Lost status Source of classification or shelving scheme Damaged status Not for loan Permanent Location Current Location Shelving location Date acquired Total Checkouts Full call number Barcode Date last seen Price effective from Koha item type
          CBU-SCHOOL OF MEDICINE LIBRARY, NDOLA. CBU-SCHOOL OF MEDICINE LIBRARY, NDOLA.   11/30/2022   PAPERS/STAFF/SIZIYA B274 11/30/2022 11/30/2022 MONOGRAPH